Illustrated guide to integrated pest management in rice in tropical Asia

Bewaard in:
Bibliografische gegevens
Formaat: Boek
Taal:Undetermined
Gepubliceerd in: Los Banos, Philippines International Rice Research Institute 1985
Onderwerpen:
Tags: Voeg label toe
Geen labels, Wees de eerste die dit record labelt!
Thư viện lưu trữ: Trung tâm Học liệu Trường Đại học Cần Thơ
LEADER 00672nam a2200217Ia 4500
001 CTU_123050
008 210402s9999 xx 000 0 und d
020 |c 50.00 
082 |a 633.1899 
082 |b I.29 
245 0 |a Illustrated guide to integrated pest management in rice in tropical Asia 
245 0 |c W. H. Ressig,...[et al.] 
260 |a Los Banos, Philippines 
260 |b International Rice Research Institute 
260 |c 1985 
650 |a Rice,Pests,Rice 
650 |x Diseases and pests,Integrated control,Research 
650 |y Tropics 
650 |z Asia,Asia 
904 |i M.Loan, H.Mai 
980 |a Trung tâm Học liệu Trường Đại học Cần Thơ